Tổ quốc ta, nhân dân ta, sự nghiệp ta và người nghệ sĩ
Kaydedildi:
| Yazar: | |
|---|---|
| Materyal Türü: | Kitap |
| Dil: | Undetermined |
| Baskı/Yayın Bilgisi: |
Hà Nội
Văn học Giải phóng
1983
|
| Konular: | |
| Etiketler: |
Etiketle
Etiket eklenmemiş, İlk siz ekleyin!
|
| Thư viện lưu trữ: | Trung tâm Học liệu Trường Đại học Cần Thơ |
|---|
| LEADER | 00569nam a2200169Ia 4500 | ||
|---|---|---|---|
| 001 | CTU_46546 | ||
| 008 | 210402s9999 xx 000 0 und d | ||
| 082 | |a 802 | ||
| 082 | |b Đ455/1983 | ||
| 100 | |a Phạm Văn Đồng | ||
| 245 | 0 | |a Tổ quốc ta, nhân dân ta, sự nghiệp ta và người nghệ sĩ | |
| 245 | 0 | |c Phạm Văn Đồng | |
| 260 | |a Hà Nội | ||
| 260 | |b Văn học Giải phóng | ||
| 260 | |c 1983 | ||
| 650 | |a vietnamese literature - history and criticism | ||
| 980 | |a Trung tâm Học liệu Trường Đại học Cần Thơ | ||